000 00355nam a2200145Ia 4500
008 220217s9999||||xx |||||||||||||| ||und||
020 _a81-7853-014-7
082 _a004.67 STU
100 _aSturm, Jake
_95307
245 0 _aDeveloping XML solutions
250 _aW
260 _aWP publishers
_bWasington
_c2008
300 _b575
650 _aWWW
999 _c176217
_d176217